000 00373nam a2200145Ia 4500
003 LK-CoDNM
008 010623t xxu||||| |||| 00| 1 sin d
040 _aLK-CoDNM
_dLK-CoDNM
_eLK-CoDNM
041 _asin
080 _a104 X.1
245 _aසලමොන්ගේ හිතෝපදේශය
246 _aProverbs of solomon
300 _b7p., iill, 13 cm
942 _cBK
999 _c141737
_d141737